ARRUPE JESUIT UNIVERSITY

CORONAVIRUS -STOP THE SPREAD - CLEAN,DISINFECT,COVER

Minganji, danseurs de masques pende / (Record no. 127923)

MARC details
000 -LEADER
fixed length control field 00988cam a2200301 i 4500
001 - CONTROL NUMBER
control field 3722265
003 - CONTROL NUMBER IDENTIFIER
control field ARRUPE
005 - DATE AND TIME OF LATEST TRANSACTION
control field 20180412102215.0
008 - FIXED-LENGTH DATA ELEMENTS--GENERAL INFORMATION
fixed length control field 810701s1976 cg af b 000 0 fre
010 ## - LIBRARY OF CONGRESS CONTROL NUMBER
LC control number 80135820
040 ## - CATALOGING SOURCE
Original cataloging agency DLC
Transcribing agency DLC
Modifying agency DLC
041 0# - LANGUAGE CODE
Language code of text/sound track or separate title frekon
043 ## - GEOGRAPHIC AREA CODE
Geographic area code f-cg---
050 00 - LIBRARY OF CONGRESS CALL NUMBER
Classification number DT650.P46
Item number N46
082 00 - DEWEY DECIMAL CLASSIFICATION NUMBER
Classification number 392/.09675/116
Edition number 19
300 ## - PHYSICAL DESCRIPTION
Other physical details ill. ;
Dimensions 27 cm.
100 0# - MAIN ENTRY--PERSONAL NAME
Personal name Ngolo Kibango.
9 (RLIN) 41493
245 10 - TITLE STATEMENT
Title Minganji, danseurs de masques pende /
Statement of responsibility, etc Ngolo Kibango.
260 ## - PUBLICATION, DISTRIBUTION, ETC. (IMPRINT)
Place of publication, distribution, etc Bandundu, République du Zaïre :
Name of publisher, distributor, etc Ceeba,
Date of publication, distribution, etc 1976.
300 ## - PHYSICAL DESCRIPTION
Extent 51 p. :
490 1# - SERIES STATEMENT
Series statement Publications - Ceeba : Série II ;
Volume number/sequential designation v. 35/1
500 ## - GENERAL NOTE
General note French and Pende.
504 ## - BIBLIOGRAPHY, ETC. NOTE
Bibliography, etc Bibliography: p. 5-7.
650 #0 - SUBJECT ADDED ENTRY--TOPICAL TERM
Topical term or geographic name as entry element Masks, Pende.
9 (RLIN) 38912
650 #0 - SUBJECT ADDED ENTRY--TOPICAL TERM
Topical term or geographic name as entry element Pende (African people)
General subdivision Rites and ceremonies.
9 (RLIN) 41494
830 #0 - SERIES ADDED ENTRY--UNIFORM TITLE
Uniform title Publications (Ceeba).
Number of part/section of a work Série II ;
Volume number/sequential designation v. 35/1.
9 (RLIN) 41495
906 ## - LOCAL DATA ELEMENT F, LDF (RLIN)
a 7
b cbc
c orignew
d 4
e ncip
f 19
g y-gencatlg
942 ## - ADDED ENTRY ELEMENTS (KOHA)
Source of classification or shelving scheme Library of Congress Classification
Koha item type Monograph ( Printed materials)
Holdings
Withdrawn status Lost status Source of classification or shelving scheme Damaged status Not for loan Collection code Home library Current library Shelving location Date acquired Total Checkouts Full call number Barcode Date last seen Price effective from Koha item type
    Library of Congress Classification     Main Collection ARRUPE LIBRARY ARRUPE LIBRARY Main Collection 12/04/2018   DT650.P46 N46 46600001795 12/04/2018 12/04/2018 Monograph ( Printed materials)

 

Arrupe Library. PO Box MP320 Mt Pleasant, Harare, Zimbabwe
263 242 745411|librarian@aju.ac.zw